000 00537aam a2200217 4500
005 20230929112836.0
008 150730b1990 xxu||||| |||| 00| 0 spa d
041 _aESP
082 _a303.44 U48h
100 _aUmaña Q., Alvaro
_917437
245 _aLa herencia de los recursos naturales
260 _aCosta Rica
260 _bImprenta Nacional
260 _c1990
300 _a241 páginas
650 _aCOSTA RICA
650 _aENERGÍA
650 _aTELECOMUNICACIONES
650 _aDESARROLLO SOSTENIBLE
942 _cBK
_2ddc
999 _c407
_d407